| 000 | 02408nam0a2200325 4500 | ||
|---|---|---|---|
| 001 | RU\NLR\bibl\854020 | ||
| 005 | 20260409074958.0 | ||
| 010 |
_a5-89733-058-1 _9100 |
||
| 021 |
_aRU _b2005-27557 _91386 |
||
| 035 | _a(NLR Aleph) 000842752 | ||
| 090 |
_a1430826 _c1430826 |
||
| 100 | _a20051014d2005 |||y0rusy50 ca | ||
| 101 | 0 | _arus | |
| 102 | _aRU | ||
| 105 | _aa ||||||||| | ||
| 200 | 1 |
_aМодели и проекты организации воспитательной деятельности в высших учебных заведениях _eнаучно-методическое пособие для педагогических работников высших учебных заведений _fРос. гос. пед. ун-т им. А.И. Герцена, Науч.-практ. центр развития воспитательной деятельности РГПУ им. А.И. Герцена _g[Богданова Р.У. и др. _gпод ред. Богдановой Р.У.] |
|
| 210 |
_aСанкт-Петербург _cИзд-во ЦПО "Информатизация образования" _d2005 |
||
| 215 |
_a111 с. _cил. _d21 |
||
| 225 | 1 |
_aБолонский процесс и воспитание в высшей школе _eнаучно-методическая серия _fпод общ. ред. проф. Р.У. Богдановой _vвып. N 2 |
|
| 300 | _aНа обороте тит.л. загл. сер.: Научно-методическая серия "Болонский процесс и воспитание в вузе" | ||
| 320 | _aБиблиогр.: с. 106 | ||
| 606 |
_aВысшие учебные заведения _xВоспитательная работа _jМетодические пособия _3RU\NLR\auth\661375904 _92297929 |
||
| 686 | _aЧ481.3 | ||
| 702 | 1 |
_4220 _8rus _7ca _aБогданова _bР. У. _cд-р пед. наук _gРаиса Умяровна _3RU\NLR\auth\7722482 _95539 |
|
| 712 | 0 | 2 |
_4570 _aРоссийский государственный педагогический университет им. А. И. Герцена _cСанкт-Петербург _bНаучно-практический центр развития воспитательной деятельности _3RU\NLR\AUTH\8810072175 _9646403 |
| 801 | 0 |
_aRU _bNLR _c20051014 _grcr |
|
| 801 | 1 |
_aRU _bNLR _c20051014 |
|
| 942 | _cBOOK | ||
| 980 | _aNB | ||